Library Banner

Sustainable residential development (Record no. 64450)

MARC details
000 -LEADER
fixed length control field 00522nam a2200181Ia 4500
001 - CONTROL NUMBER
control field 63796
008 - FIXED-LENGTH DATA ELEMENTS--GENERAL INFORMATION
fixed length control field 150109s9999 xx 000 0 und d
020 ## - INTERNATIONAL STANDARD BOOK NUMBER
International Standard Book Number 9780071479615
040 ## - CATALOGING SOURCE
Transcribing agency PK-LaUMT
082 ## - DEWEY DECIMAL CLASSIFICATION NUMBER
Classification number 711.4
Item number FRI-S
100 ## - MAIN ENTRY--PERSONAL NAME
Personal name Friedman, Avi
245 ## - TITLE STATEMENT
Title Sustainable residential development
Remainder of title planning and design for green neighborhoods
Statement of responsibility, etc Friedman, Avi
260 ## - PUBLICATION, DISTRIBUTION, ETC. (IMPRINT)
Place of publication, distribution, etc New York,USA:
Name of publisher, distributor, etc McGraw-Hill,
Date of publication, distribution, etc 2007
300 ## - PHYSICAL DESCRIPTION
Extent 288 p.
546 ## - LANGUAGE NOTE
Language note EN
650 ## - SUBJECT ADDED ENTRY--TOPICAL TERM
Topical term or geographic name as entry element Ecological houses-Design and construction
942 ## - ADDED ENTRY ELEMENTS (KOHA)
Koha item type Books
Holdings
Withdrawn status Lost status Damaged status Not for loan Home library Current library Date acquired Total Checkouts Full call number Barcode Date last seen Date checked out Price effective from Koha item type
        UMT Main Campus UMT Main Campus 2015-01-09 5 711.4 FRI-S 87822 2022-06-15 2022-05-31 2015-01-09 Books